00759nam a2200217 a 450000100100000000500170001000800410002704000250006808200170009310000230011024500560013326000520018930000210024149000320026250000330029470000280032783000390035504900090039495201210040399900170052400002419220200930022809.0110120s1952 ag r 001 0 spa d aDO-SdBNPbspacBNPHU axxxxxbM688t1 aMocho, Fray94968910aTierra de matreros /cFray Mocho , J. S. Álvarez. aBuenos Aires, Argentina :bEspasa Calpe,c1952. a146 p. ;c18 cm.1 aAustral. Anaranjada ;v1103 aIncluye índice de autores.1 aÁlvarez, J. S.949690 0aAustral. Anaranjada ;n1103949691 aBNGR 001054708MOaGRbGRcCTd2011-01-20iLF1l0oxxxxx M688tp24192-10r2020-06-25w2020-06-25y4ZPréstamo en sala c23686d23686